000 00612nam a22001937a 4500
999 _c175759
_d175759
005 20210712165413.0
010 _aUR-10873
020 _c400.00
_a9789390100569
035 _aU-9428
037 _bDBAD/PUB
082 _aن
100 _aثر و ت خا ن
245 _aکڑ و ے کر يلے
_cثر و ت خا ن
246 _bKarwe Karele (Urdu)
_aby Sarwat Khan
260 _aN.Delhi
_bEducational Publishing House
_c2020 ء
270 _aH.O.D1/16,Ansari Road,Darya ganj,
_bN.Delhi
_e110002
_k45678285,23216162
_l0091-11-23211540
300 _a355 ص
_c22 Cm(Hb)
942 _2ddc
_cUR
_hن
_mث ر و